000 00340nam a22001217a 4500
008 180605b xxu||||| |||| 00| 0 eng d
041 _aeng
080 _a043.3
100 _a0
101 _aSHKI-BA
245 _aERP Implementation in the Small - Medium Enterprises Emphasis on RWC - Pristina Implementation
_cMurtezaj, F
942 _2udc
_cBK
999 _c46363
_d46363